000
00332nam a22001457a 4500
008
210301b ||||| |||| 00| 0 eng d
020
_a
9780321683281
041
_a
eng
080
_2
4th
_a
573
080
_a
573
100
_a
11
101
_a
BIO
245
_a
Practicing Biology a student woorkbook
_c
Heitz, J
942
_2
udc
_c
BK
999
_c
55369
_d
55369